[Event "LSS SM-2009-0-00079"]
[Site "LSS email"]
[Date "2009.10.27"]
[Round "?"]
[White "Sidenko, Anatoly Viktorovich"]
[Black "Miletic, Arsen"]
[Result "1/2-1/2"]
[WhiteElo "2285"]
[BlackElo "2294"]
[PlyCount "43"]
[EventDate "2009.10.04"]
[EventType "tourn (corr)"]
[EventRounds "6"]
[EventCountry "GER"]
[SourceTitle "Telechess CBM 137"]
[Source "ChessBase"]
[SourceDate "2010.07.15"]
[SourceVersion "1"]
[SourceVersionDate "2010.07.15"]
[SourceQuality "1"]

1. e4 c5 2. Nf3 d6 3. d4 cxd4 4. Nxd4 Nf6 5. Nc3 a6 6. Be3 e5 7. Nb3 Be6 8. f3 Be7 9. Qd2 h5 10. 0-0-0 Nbd7 11. Kb1 Rc8 12. h3 h4 13. f4 b5 14. Bd3 Qc7 15. Rhe1 Bc4 16. Bf2 Kf8 17. a3 Kg8 18. f5 d5 19. exd5 Bxa3 20. Ne4 Nxe4 21. Bxe4 Bd6 22. Na5 1/2-1/2

[Event "LSS SM-2009-0-00079"]
[Site "LSS email"]
[Date "2009.10.27"]
[Round "?"]
[White "Wosch, Arkadiusz Janusz"]
[Black "Miletic, Arsen"]
[Result "1/2-1/2"]
[WhiteElo "2241"]
[BlackElo "2306"]
[PlyCount "95"]
[EventDate "2009.10.04"]
[EventType "tourn (corr)"]
[EventRounds "6"]
[EventCountry "GER"]
[SourceTitle "Corr 2013"]
[Source "ChessBase"]
[SourceDate "2012.11.12"]
[SourceVersion "1"]
[SourceVersionDate "2012.11.12"]
[SourceQuality "1"]
[WhiteTeam "US of America"]
[BlackTeam "US of America"]
[WhiteTeamCountry "USA"]
[BlackTeamCountry "USA"]

1. e4 c5 2. Nf3 d6 3. d4 cxd4 4. Nxd4 Nf6 5. Nc3 a6 6. Be2 e5 7. Nb3 Be7 8. 0-0 Be6 9. Be3 Nbd7 10. a4 0-0 11. Qd2 Rc8 12. a5 Qc7 13. Rfd1 Rfd8 14. Nc1 h6 15. Qe1 Nc5 16. Bf3 Nh7 17. N1a2 Ng5 18. Bxg5 Bxg5 19. Nb4 Nd7 20. g3 Rf8 21. Ncd5 Qb8 22. b3 Bd8 23. Ne3 Nf6 24. Qd2 Re8 25. h4 Rc5 26. Nd3 Rc8 27. Ra2 b5 28. Nb4 Qa8 29. Qd3 Be7 30. Ned5 Bxd5 31. exd5 Bf8 32. Re1 g6 33. c4 bxc4 34. bxc4 Nd7 35. Nc6 f5 36. Qd2 Rc7 37. Rb2 Nc5 38. Bg2 Qc8 39. Rb6 Qd7 40. Nb4 Qc8 41. Bh3 e4 42. h5 g5 43. Rc6 g4 44. Bf1 Qd8 45. Rb6 Rb7 46. Rxb7 Nxb7 47. Qf4 Qg5 48. Qxg5+ 1/2-1/2

[Event "LSS SM-2008-0-00038"]
[Site "LSS email"]
[Date "2008.12.15"]
[Round "?"]
[White "Garcia, Manuel Valentim Per"]
[Black "Miletic, Arsen"]
[Result "1/2-1/2"]
[WhiteElo "2163"]
[BlackElo "2294"]
[PlyCount "86"]
[EventDate "2008.11.20"]
[EventType "tourn (corr)"]
[EventRounds "6"]
[EventCountry "GER"]
[SourceTitle "Telechess CBM 137"]
[Source "ChessBase"]
[SourceDate "2010.07.15"]
[SourceVersion "1"]
[SourceVersionDate "2010.07.15"]
[SourceQuality "1"]

1. c4 e5 2. g3 Nf6 3. Bg2 Nc6 4. Nc3 Bb4 5. Nd5 0-0 6. Nxb4 Nxb4 7. d3 Nc6 8. e4 d6 9. Ne2 Qe7 10. 0-0 Bd7 11. Be3 Ng4 12. Bd2 h6 13. b4 a6 14. f3 Nf6 15. a4 b6 16. b5 Nd8 17. Be3 Nb7 18. Qc2 Be6 19. d4 Na5 20. d5 Bc8 21. Nc1 Nb7 22. Nd3 a5 23. Rae1 Nd7 24. f4 Nbc5 25. Nxc5 Nxc5 26. f5 Nd7 27. Bf3 Nf6 28. Kh1 Bb7 29. g4 Nh7 30. Rg1 g5 31. h4 f6 32. Kg2 Rf7 33. Rh1 Kf8 34. Rh3 Ke8 35. Reh1 Kd7 36. hxg5 hxg5 37. Kf1 Nf8 38. Ke1 Rd8 39. Qf2 Kc8 40. Kd1 Nd7 41. Kc2 Rdf8 42. Kb2 Kd8 43. Rh6 Kc8 1/2-1/2

[Event "LSS SM-2008-0-00038"]
[Site "LSS email"]
[Date "2008.12.11"]
[Round "?"]
[White "Godat, Terry"]
[Black "Miletic, Arsen"]
[Result "1/2-1/2"]
[WhiteElo "2205"]
[BlackElo "2286"]
[PlyCount "53"]
[EventDate "2008.11.20"]
[EventType "tourn (corr)"]
[EventRounds "6"]
[EventCountry "GER"]
[SourceTitle "Corr 2011"]
[Source "ChessBase"]
[SourceDate "2010.08.31"]
[SourceVersion "1"]
[SourceVersionDate "2010.08.31"]
[SourceQuality "1"]

1. d4 Nf6 2. c4 e6 3. Nf3 b6 4. g3 Ba6 5. b3 Bb4+ 6. Bd2 Be7 7. Bg2 c6 8. Bc3 d5 9. Nbd2 Nbd7 10. 0-0 0-0 11. Re1 c5 12. e4 dxe4 13. Nxe4 Bb7 14. Nfg5 cxd4 15. Bxd4 Qc7 16. Nxf6+ Bxf6 17. Bxb7 Qxb7 18. Ne4 Bxd4 19. Qxd4 Rad8 20. Rad1 Qc7 21. Qd6 Qxd6 22. Rxd6 Nc5 23. Rxd8 Rxd8 24. Nxc5 bxc5 25. Re5 Rc8 26. Kf1 Kf8 27. Ke2 1/2-1/2

[Event "IECG CP.2004.S.00006 email"]
[Site "IECG email"]
[Date "2007.04.01"]
[Round "?"]
[White "Svartbo, Martin"]
[Black "Miletic, Arsen"]
[Result "1/2-1/2"]
[WhiteElo "2016"]
[BlackElo "2296"]
[PlyCount "77"]
[EventDate "2007.04.01"]
[EventType "tourn (corr)"]
[EventRounds "6"]
[SourceTitle "Corr 2022"]
[Source "ChessBase"]
[SourceDate "2021.10.24"]
[SourceVersion "1"]
[SourceVersionDate "2021.10.24"]
[SourceQuality "1"]

1. d4 Nf6 2. c4 e6 3. Nf3 b6 4. g3 Ba6 5. b3 Bb4+ 6. Bd2 Be7 7. Bg2 c6 8. Bc3 d5 9. Nbd2 Nbd7 10. 0-0 0-0 11. Re1 c5 12. e4 dxe4 13. Nxe4 Nxe4 14. Rxe4 Bb7 15. Re3 Bf6 16. dxc5 Nxc5 17. Qc2 Bxc3 18. Qxc3 Qe7 19. b4 Ne4 20. Qe1 Nf6 21. a3 Rac8 22. Ne5 Bxg2 23. Kxg2 Nd7 24. Rc3 Nxe5 25. Qxe5 Qb7+ 26. Kg1 Rfd8 27. Qe2 Qd7 28. Rac1 Rc6 29. c5 bxc5 30. Rxc5 Rxc5 31. Rxc5 g6 32. h4 h5 33. Qe4 Qe7 34. Kg2 Kg7 35. Qe5+ f6 36. Qc3 Qd6 37. a4 Rd7 38. a5 e5 39. b5 1/2-1/2

[Event "IECG WC.2006.T.00002 email"]
[Site "IECG email"]
[Date "2006.02.07"]
[Round "?"]
[White "Miletic, Arsen"]
[Black "Bergmann, Michael"]
[Result "1/2-1/2"]
[WhiteElo "2262"]
[BlackElo "2447"]
[PlyCount "47"]
[EventDate "2006.02.07"]
[EventType "tourn (corr)"]
[EventRounds "6"]
[SourceTitle "Corr 2008"]
[Source "ChessBase"]
[SourceDate "2008.06.24"]
[SourceVersion "1"]
[SourceVersionDate "2008.06.24"]
[SourceQuality "1"]

1. e4 c5 2. Nf3 d6 3. d4 cxd4 4. Nxd4 Nf6 5. Nc3 a6 6. Be2 e6 7. Be3 Qc7 8. g4 d5 9. exd5 Bb4 10. dxe6 Bxc3+ 11. bxc3 Qxc3+ 12. Kf1 fxe6 13. Rg1 Nd5 14. Rg3 0-0 15. Kg1 Bd7 16. Nb3 Qc7 17. Qd2 Bc6 18. Bc5 Rd8 19. Re1 Nd7 20. Bd4 Rac8 21. Bb2 Nf4 22. Bf1 Bd5 23. Rc3 Qb8 24. Rxc8 1/2-1/2

[Event "IECG WC.2006.T.00002 email"]
[Site "IECG email"]
[Date "2006.02.07"]
[Round "?"]
[White "Siefring, Carl L"]
[Black "Miletic, Arsen"]
[Result "1-0"]
[WhiteElo "2413"]
[BlackElo "2262"]
[PlyCount "143"]
[EventDate "2006.02.07"]
[EventType "tourn (corr)"]
[EventRounds "6"]
[SourceTitle "Corr 2011"]
[Source "ChessBase"]
[SourceDate "2010.08.31"]
[SourceVersion "1"]
[SourceVersionDate "2010.08.31"]
[SourceQuality "1"]

1. e4 c5 2. Nf3 Nc6 3. d4 cxd4 4. Nxd4 Nf6 5. Nc3 d6 6. Bg5 e6 7. Qd2 a6 8. 0-0-0 h6 9. Be3 Be7 10. f4 Bd7 11. Kb1 b5 12. Bd3 0-0 13. h3 Nxd4 14. Bxd4 Bc6 15. Qe3 Qc7 16. Rhf1 b4 17. e5 dxe5 18. fxe5 Nd5 19. Nxd5 Bxd5 20. Qg3 Bc4 21. Bxc4 Qxc4 22. Be3 Rac8 23. Bxh6 Qxc2+ 24. Ka1 Qh7 25. Bc1 Rfd8 26. Rxd8+ Rxd8 27. Qf3 Qg6 28. Qb7 Bc5 29. g4 Bd4 30. Qe7 Rf8 31. Qxb4 Qd3 32. Re1 Rc8 33. Qd2 Qc4 34. a3 Rd8 35. Kb1 Qc7 36. Qc2 Qb7 37. Rd1 a5 38. Qc4 Qe4+ 39. Rd3 Qxe5 40. Bd2 Qh2 41. Bc3 e5 42. Ka2 Qc2 43. Rd2 Qc1 44. Qc7 Ra8 45. Bxa5 Qf1 46. Bc3 Qb5 47. Bxd4 Qd5+ 48. b3 exd4 49. Qc2 Rd8 50. Qd3 Qg5 51. b4 Qe7 52. Rc2 Qb7 53. Kb3 Qa7 54. a4 Qe7 55. a5 Qe6+ 56. Rc4 g6 57. Ka3 Qd7 58. Rc2 Re8 59. Rd2 Rd8 60. Qc4 Qe8 61. Rd3 Qe1 62. h4 Qa1+ 63. Qa2 Qg1 64. h5 g5 65. h6 Qxg4 66. b5 Qf4 67. Qc4 g4 68. a6 Qxh6 69. Qc5 Re8 70. a7 Qh1 71. Qxd4 Kh7 72. Rd1 1-0

[Event "IECG CP.2001.F.00001"]
[Site "IECG email"]
[Date "2005.07.01"]
[Round "?"]
[White "Dutra Neto, Alfredo Carlos S"]
[Black "Miletic, Arsen"]
[Result "1/2-1/2"]
[WhiteElo "2343"]
[BlackElo "2263"]
[PlyCount "77"]
[EventDate "2005.07.01"]
[EventType "tourn (corr)"]
[EventRounds "6"]
[EventCountry "NED"]
[SourceTitle "Corr 2008"]
[Source "ChessBase"]
[SourceDate "2008.06.24"]
[SourceVersion "1"]
[SourceVersionDate "2008.06.24"]
[SourceQuality "1"]

1. d4 Nf6 2. c4 e6 3. Nf3 b6 4. Bg5 Bb7 5. e3 h6 6. Bh4 Bb4+ 7. Nc3 g5 8. Bg3 Ne4 9. Qc2 Bxc3+ 10. bxc3 Nxg3 11. hxg3 d6 12. c5 Nd7 13. cxd6 cxd6 14. e4 Rc8 15. Rb1 Qc7 16. Rc1 Ke7 17. Bd3 Rcg8 18. Qd2 g4 19. Nh4 Nf6 20. Qe3 Rg5 21. 0-0 Nh5 22. c4 Rc8 23. a3 Rcg8 24. Rb1 Rc8 25. Rb5 Rcg8 26. Rc1 Bc6 27. Rb4 Ba8 28. Rb5 Nf6 29. Re1 Nd7 30. Rbb1 Bb7 31. Qf4 Rd8 32. Qd2 Rdg8 33. Qf4 Rd8 34. Rb3 Rc8 35. Rb2 Rf8 36. Rd2 Rc8 37. Rb2 Rf8 38. Rd2 Rc8 39. Rde2 1/2-1/2

[Event "IECG CP.2001.F.00001"]
[Site "IECG email"]
[Date "2005.07.01"]
[Round "?"]
[White "Kerr, Stephen GR"]
[Black "Miletic, Arsen"]
[Result "1/2-1/2"]
[WhiteElo "2650"]
[BlackElo "2263"]
[PlyCount "98"]
[EventDate "2005.07.01"]
[EventType "tourn (corr)"]
[EventRounds "6"]
[EventCountry "NED"]
[SourceTitle "Corr 2008"]
[Source "ChessBase"]
[SourceDate "2008.06.24"]
[SourceVersion "1"]
[SourceVersionDate "2008.06.24"]
[SourceQuality "1"]

1. c4 e5 2. g3 Nf6 3. Bg2 Nc6 4. Nc3 Bc5 5. a3 a5 6. e3 d6 7. Nge2 0-0 8. 0-0 Ba7 9. d3 Bf5 10. h3 Qe7 11. Kh2 Rae8 12. f4 exf4 13. Nxf4 Ne5 14. b3 c6 15. e4 Bd4 16. exf5 Bxc3 17. Ra2 Bd4 18. Ne2 Be3 19. d4 Ned7 20. Bxe3 Qxe3 21. Nf4 Qe7 22. Re2 Qd8 23. Rfe1 Rxe2 24. Rxe2 Re8 25. Rxe8+ Qxe8 26. Qd2 Qd8 27. Bf3 h6 28. Kg2 Nh7 29. h4 Kf8 30. Kh3 Qb6 31. Qe3 Qd8 32. Qe1 Kg8 33. g4 Ndf6 34. Qe3 Nd7 35. Nh5 Kf8 36. b4 Ndf6 37. Nxf6 Nxf6 38. Qf4 axb4 39. axb4 d5 40. c5 Ne8 41. Qe3 b5 42. cxb6 Qxb6 43. Qa3 Nd6 44. Qa5 Qxd4 45. Qa8+ Ke7 46. Qxc6 Ne4 47. Qc7+ Kf6 48. Bxe4 dxe4 49. Qc6+ Ke5 1/2-1/2